Welcome to CU Library Online Public Access Catalogue (OPAC)

Integrative health care : (Record no. 2780)

MARC details
000 -LEADER
fixed length control field 00772cam a22002294a 4500
001 - CONTROL NUMBER
control field 12026073
005 - DATE AND TIME OF LATEST TRANSACTION
control field 20250122114745.0
008 - FIXED-LENGTH DATA ELEMENTS--GENERAL INFORMATION
fixed length control field 000531s2001 pau b 001 0 eng c
020 ## - INTERNATIONAL STANDARD BOOK NUMBER
International Standard Book Number 9780803607040
050 00 - LIBRARY OF CONGRESS CALL NUMBER
Classification number R733
Item number .S54 2001
082 00 - DEWEY DECIMAL CLASSIFICATION NUMBER
Classification number 615.5
Edition information 21
100 1# - MAIN ENTRY--PERSONAL NAME
Personal name Sierpina, Victor S.,
Dates associated with a name 1949-
245 10 - TITLE STATEMENT
Title Integrative health care :
Remainder of title complementary and alternative therapies for the whole person /
Statement of responsibility, etc. Victor S. Sierpina, foreword by Larry Dossey
260 ## - PUBLICATION, DISTRIBUTION, ETC.
Place of publication, distribution, etc. Philadelphia :
Name of publisher, distributor, etc. F.A. Davis,
Date of publication, distribution, etc. c2001.
300 ## - PHYSICAL DESCRIPTION
Extent xxiv, 396 p. ;
Dimensions 23 cm.
650 #0 - SUBJECT ADDED ENTRY--TOPICAL TERM
Topical term or geographic name entry element Alternative medicine.
650 #0 - SUBJECT ADDED ENTRY--TOPICAL TERM
Topical term or geographic name entry element Integrated delivery of health care.
650 12 - SUBJECT ADDED ENTRY--TOPICAL TERM
Topical term or geographic name entry element Alternative Medicine.
650 22 - SUBJECT ADDED ENTRY--TOPICAL TERM
Topical term or geographic name entry element Delivery of Health Care, Integrated.
650 22 - SUBJECT ADDED ENTRY--TOPICAL TERM
Topical term or geographic name entry element Holistic Health.
942 ## - ADDED ENTRY ELEMENTS (KOHA)
Source of classification or shelving scheme Library of Congress Classification
Koha item type Books
Suppress in OPAC No
999 ## -
-- 2780
-- 2780
Holdings
Withdrawn status Lost status Source of classification or shelving scheme Damaged status Not for loan Collection Home library Current library Shelving location Date acquired Total checkouts Full call number Barcode Date last seen Copy number Price effective from Koha item type
    Library of Congress Classification     Non-fiction Science Library (Miotso) Science Library (Miotso) General stacks 01/22/2025   R733 .S54 SIE SLM00002131 01/22/2025 1 01/22/2025 Books
© 2023-2024 Copyright: Central University Libraries. All Rights Reserved | Created by: Mahone Tech Office